Characterizations of EP matrices : thesis

Αποθηκεύτηκε σε:
Λεπτομέρειες βιβλιογραφικής εγγραφής
Κύριος συγγραφέας: Αντωνιάδου, Αικατερίνη Κ.
Συγγραφή απο Οργανισμό/Αρχή: Πανεπιστήμιο Αιγαίου Σχολή Επιστημών της Διοίκησης Τμήμα Μηχανικών Οικονομίας και Διοίκησης Μεταπτυχιακό Πρόγραμμα Σπουδών "Οικονομική & Διοίκηση για Μηχανικούς" - Ο.ΔΙ.Μ
Άλλοι συγγραφείς: Δριβαλιάρης, Δημοσθένης (Εισηγητής διατριβής)
Μορφή: Thesis Βιβλίο
Γλώσσα:English
Δημοσίευση: 2014
Θέματα:
Διαθέσιμο Online:http://hdl.handle.net/11610/8522
Ετικέτες: Προσθήκη ετικέτας
Δεν υπάρχουν, Καταχωρήστε ετικέτα πρώτοι!

MARC

LEADER 00000cam a2200000 i 4500
001 1/69094
008 150331s2014 eng d
035 |l 10121474 
040 |a GR-MY-UA  |b gre  |e aacr 
041 0 |a eng 
082 0 |a 512.9434  |2 (23) 
100 1 |a Αντωνιάδου, Αικατερίνη Κ. 
245 1 0 |a Characterizations of EP matrices :  |b thesis /  |c Αντωνιάδου Αικατερίνη ; επιβλέπων: Δημοσθένης Δριβαλιάρης 
260 |c 2014 
300 |a 37 σ.;  |c 30 εκ. 
502 |a Πτυχιακή εργασία - Πανεπιστήμιο Αιγαίου, Χίος, 2014. 
504 |a Περιλαμβάνει βιβλιογραφία 
650 0 0 |a Algebra, Universal. 
650 0 0 |a Algebras, Linear. 
650 0 0 |a Matrices  |x Data processing. 
650 0 0 |a Dissertations, Academic  |z Greece. 
700 1 |4 ths  |a Δριβαλιάρης, Δημοσθένης. 
710 1 |a Πανεπιστήμιο Αιγαίου  |b Σχολή Επιστημών της Διοίκησης  |b Τμήμα Μηχανικών Οικονομίας και Διοίκησης  |b Μεταπτυχιακό Πρόγραμμα Σπουδών "Οικονομική & Διοίκηση για Μηχανικούς" - Ο.ΔΙ.Μ. 
852 |a INST  |b CHIOS  |c DIATR  |e 20150331  |h 512.9434 ΑΝΤ  |p 005200034445  |q 005200034445  |t DIE  |y 23 
852 |a INST  |b CHIOS  |c DIATR  |e 20150407  |h 512.9434 ΑΝΤ  |p 005200038173  |q 005200038173  |t DIE  |y 23 
856 |u http://hdl.handle.net/11610/8522 
901 |a BIBL2-2015-1 
909 |a Χ  |b 181350 
924 |a ΑΝΤΩΝΙΑΔΟΥ  |b ΑΙΚΑΤΕΡΙΝΗ Κ.  |y ΧΙΟΣ  |z 2014-11 
970 |a ΠΑΡΟΙΚΑΚΗ  |b ΒΑΣΙΛΙΚΗ  |z 2015/03/31